Gendered modernities : ethnographic perspectives

Αποθηκεύτηκε σε:
Λεπτομέρειες βιβλιογραφικής εγγραφής
Κύριος συγγραφέας: Hodgson, Dorothy Louise
Μορφή: Βιβλίο
Γλώσσα:English
Δημοσίευση: New York : Palgrave, 2001
Θέματα:
Ετικέτες: Προσθήκη ετικέτας
Δεν υπάρχουν, Καταχωρήστε ετικέτα πρώτοι!

MARC

LEADER 00000nam a2200000 i 4500
001 1/77938
008 050603s2001 eng d
020 |a 0-312-24013-9 
035 |l 10078375 
040 |a GR-MY-UA  |b gre  |e aacr 
041 0 |a eng 
082 0 |a 305.3  |2 (21) 
100 1 |a Hodgson, Dorothy Louise. 
245 1 0 |a Gendered modernities :  |b ethnographic perspectives /  |c edited by Dorothy L. Hodgson 
260 |a New York :   |b Palgrave,   |c 2001 
300 |a xiv, 271 σ.;  |b εικ.;  |c 22 εκ. 
504 |a Περιέχει βιβλιογραφία και ευρετήριο 
650 0 0 |a Sex role. 
650 0 0 |a Sex customs. 
650 0 0 |a Sex differences. 
650 0 0 |a Gender identity. 
650 0 0 |a Civilization, Modern. 
852 |a INST  |b LESVOS  |e 20050603  |h 305.3 GEN  |p 005100032136  |q 005100032136  |t BK  |y 0 
901 |a BIBL1-2005-2 
909 |a Λ  |b 120966 
920 |a ΕΠΕΑΕΚ ΚΟΙΝΩΝΙΚΗΣ ΑΝΘΡΩΠΟΛΟΓΙΑΣ ΚΑΙ ΙΣΤΟΡΙΑΣ  |y ΛΕΣΒΟΣ  |z 2005-01 
970 |a ΚΑΡΑ  |b ΓΙΑΣΕΜΗ  |z 2005/06/03